Checking features of the transformer winding mechanical joint conditions by the method of low-voltage impulse; The 9th International Forum on on Strategic Techology (IFOST-2014), September 21-23, 2014, Cox's Bazar, Bangladesh
| Parent link: | The 9th International Forum on on Strategic Techology (IFOST-2014), September 21-23, 2014, Cox's Bazar, Bangladesh.— 2014.— [P. 382-385] |
|---|---|
| Autor Corporativo: | |
| Outros Autores: | , , , |
| Resumo: | Title screen The detailed electrical model of the transformer windings was developed. The possibility of detecting negligible changes in the geometrical pattern of the windings was investigated by testing of the impulses with nanosecond rising edge. Режим доступа: по договору с организацией-держателем ресурса |
| Idioma: | inglês |
| Publicado em: |
2014
|
| Assuntos: | |
| Acesso em linha: | http://dx.doi.org/10.1109/IFOST.2014.6991145 |
| Formato: | Recurso Electrónico Capítulo de Livro |
| KOHA link: | https://koha.lib.tpu.ru/cgi-bin/koha/opac-detail.pl?biblionumber=641653 |
MARC
| LEADER | 00000naa2a2200000 4500 | ||
|---|---|---|---|
| 001 | 641653 | ||
| 005 | 20250520135145.0 | ||
| 035 | |a (RuTPU)RU\TPU\network\6570 | ||
| 035 | |a RU\TPU\network\6566 | ||
| 090 | |a 641653 | ||
| 100 | |a 20150526a2014 k y0rusy50 ba | ||
| 101 | 0 | |a eng | |
| 105 | |a a z 101zy | ||
| 135 | |a drcn ---uucaa | ||
| 181 | 0 | |a i | |
| 182 | 0 | |a b | |
| 200 | 1 | |a Checking features of the transformer winding mechanical joint conditions by the method of low-voltage impulse |f V. A. Lavrinovich [et al.] | |
| 203 | |a Text |c electronic | ||
| 300 | |a Title screen | ||
| 320 | |a [References: p. 385 (5 tit.)] | ||
| 330 | |a The detailed electrical model of the transformer windings was developed. The possibility of detecting negligible changes in the geometrical pattern of the windings was investigated by testing of the impulses with nanosecond rising edge. | ||
| 333 | |a Режим доступа: по договору с организацией-держателем ресурса | ||
| 463 | 0 | |0 (RuTPU)RU\TPU\network\4213 |t The 9th International Forum on on Strategic Techology (IFOST-2014), September 21-23, 2014, Cox's Bazar, Bangladesh |o [proceedings] |v [P. 382-385] |d 2014 | |
| 610 | 1 | |a электронный ресурс | |
| 610 | 1 | |a труды учёных ТПУ | |
| 610 | 1 | |a повреждения | |
| 610 | 1 | |a трансформаторы | |
| 610 | 1 | |a импульсные напряжения | |
| 610 | 1 | |a обмотки | |
| 701 | 1 | |a Lavrinovich |b V. A. |c specialist in the field of power engineering |c Professor of Tomsk Polytechnic University, Doctor of technical sciences |f 1948- |g Valeriy Aleksandrovich |3 (RuTPU)RU\TPU\pers\34173 | |
| 701 | 1 | |a Dobizha |b N. E. | |
| 701 | 1 | |a Pichugina |b M. T. |c specialist in the field of electric power engineering |c Associate Professor of Tomsk Polytechnic University, Candidate of technical sciences |f 1947- |g Mariya Timofeevna |3 (RuTPU)RU\TPU\pers\34187 | |
| 701 | 1 | |a Nizkodubov |b G. A. |c linguist |c Associate Professor of Tomsk Polytechnic University, Candidate of pedagogical sciences |f 1982- |g Gavriel Anatolevich |3 (RuTPU)RU\TPU\pers\31205 | |
| 712 | 0 | 2 | |a Национальный исследовательский Томский политехнический университет |c (2009- ) |9 26305 |
| 801 | 2 | |a RU |b 63413507 |c 20161229 |g RCR | |
| 850 | |a 63413507 | ||
| 856 | 4 | |u http://dx.doi.org/10.1109/IFOST.2014.6991145 |z http://dx.doi.org/10.1109/IFOST.2014.6991145 | |
| 942 | |c BK | ||